Telecom portable consultant i-mode crash course / (Record no. 180437)
[ view plain ]
| 000 -LEADER | |
|---|---|
| fixed length control field | 00798 a2200193 4500 |
| 003 - CONTROL NUMBER IDENTIFIER | |
| control field | Nust |
| 005 - DATE AND TIME OF LATEST TRANSACTION | |
| control field | 20220818184335.0 |
| 020 ## - INTERNATIONAL STANDARD BOOK NUMBER | |
| International Standard Book Number | 0071381872 |
| 040 ## - CATALOGING SOURCE | |
| Transcribing agency | Nust |
| 082 ## - DEWEY DECIMAL CLASSIFICATION NUMBER | |
| Classification number | 005.276,VAC |
| 100 ## - MAIN ENTRY--PERSONAL NAME | |
| Personal name | VACCA, JOHN R. |
| 9 (RLIN) | 95213 |
| 245 ## - TITLE STATEMENT | |
| Title | Telecom portable consultant i-mode crash course / |
| Statement of responsibility, etc. | Johan R. Vacca |
| 260 ## - PUBLICATION, DISTRIBUTION, ETC. | |
| Place of publication, distribution, etc. | NEW YORK |
| Name of publisher, distributor, etc. | MCGRAW HILL |
| Date of publication, distribution, etc. | 2002 |
| 300 ## - PHYSICAL DESCRIPTION | |
| Extent | xiii,467 p.: |
| 505 ## - FORMATTED CONTENTS NOTE | |
| Formatted contents note | Part-1: I-Mode Wireless Fundamentals (Page-1), Part-2: Developing I-Mode Applications (Page-87), Part-3: Installing and Deploying I-Mode (Page-145), Part-4: Configuring I-Mode (Page-231), Part-5: Managing I-Mode Markets (Page-249), Part-6: Advanced I-Mode and Future Directions (Page-287). |
| 600 ## - SUBJECT ADDED ENTRY--PERSONAL NAME | |
| Personal name | JOHN R. VACCA |
| 9 (RLIN) | 98100 |
| 650 ## - SUBJECT ADDED ENTRY--TOPICAL TERM | |
| Topical term or geographic name entry element | I-MODE CRASH COURSE |
| 9 (RLIN) | 98101 |
| 942 ## - ADDED ENTRY ELEMENTS (KOHA) | |
| Source of classification or shelving scheme | |
| Koha item type | Book |
| Call number prefix | 005.276,VAC |
| Withdrawn status | Lost status | Source of classification or shelving scheme | Damaged status | Not for loan | Permanent Location | Current Location | Shelving location | Date acquired | Full call number | Barcode | Date last seen | Price effective from | Koha item type | Public note |
|---|---|---|---|---|---|---|---|---|---|---|---|---|---|---|
| Military College of Signals (MCS) | Military College of Signals (MCS) | General Stacks | 12/12/2016 | 005.276,VAC | MCS31840 | 12/08/2016 | 12/12/2016 | Book | Almirah No.5, Shelf No.5 |
